[Event "Festivalul International de sah Arad 20"]
[Site "Arad"]
[Date "2016.08.07"]
[Round "3.46"]
[White "Dumitrica, Sorin Radu"]
[Black "Patrascu, Catalin  Lucian"]
[Result "0-1"]
[WhiteElo "1770"]
[BlackElo "2286"]
[PlyCount "148"]
[EventDate "2016.08.06"]

1. Nf3 d5 2. g3 Nf6 3. b3 Bf5 4. d3 h6 5. Bb2 Nbd7 6. Bg2 e6 7. O-O Be7 8. Nbd2
O-O 9. Re1 Bh7 10. e4 c6 11. exd5 cxd5 12. Nf1 Rc8 13. Rc1 Qa5 14. a4 Bb4 15.
Re2 Bc3 16. Bxc3 Rxc3 17. Ne3 Qc7 18. Rd2 Rc8 19. Nd4 Qb6 20. Ne2 R3c7 21. d4
Ne4 22. Bxe4 Bxe4 23. f4 Nf6 24. c4 Bf3 25. c5 Qb4 26. Rd3 Bxe2 27. Qxe2 b6 28.
Nc2 Qa5 29. b4 Qxa4 30. Ra3 Qd7 31. Rca1 a5 32. bxa5 bxc5 33. a6 c4 34. Qe1 Ra7
35. Qb4 Ne4 36. Rb1 g5 37. fxg5 hxg5 38. Qb5 Qe7 39. Qb4 Qd7 40. Ra5 c3 41. Qb5
Qxb5 42. Rbxb5 Rc6 43. Nb4 c2 44. Nxc2 Rcxa6 45. Rxa6 Rxa6 46. Rb2 Rc6 47. Na3
Rc1+ 48. Kg2 Kg7 49. Rc2 Rd1 50. Nb5 Rb1 51. Na7 Rd1 52. Nc6 Rd3 53. Rb2 Nd6
54. Rf2 Nf5 55. g4 Ne3+ 56. Kg3 f6 57. h3 Nc2+ 58. Rf3 Rd1 59. Rb3 Nxd4 60.
Rb7+ Kh6 61. Nd8 Rd3+ 62. Kg2 Kg6 63. Nf7 Rd2+ 64. Kf1 f5 65. Ne5+ Kf6 66. Nd7+
Ke7 67. Ne5+ Kd6 68. Nf7+ Kc6 69. Ne5+ Kc5 70. Rc7+ Kd6 71. Rg7 Kxe5 72. gxf5
Kxf5 73. Rf7+ Ke4 74. Rf6 e5 0-1

[Event "NYCC Romania 2016 Open U18 Team"]
[Site "Iasi"]
[Date "2016.07.27"]
[Round "1.1"]
[White "Patrascu, Catalin  Lucian"]
[Black "Scripcaru, George Daniel"]
[Result "1-0"]
[WhiteElo "2319"]
[BlackElo "2160"]
[PlyCount "99"]
[EventDate "2016.07.27"]
[EventType "team"]
[EventRounds "6"]
[WhiteTeam "CSM Focsani 2007"]
[BlackTeam "Cs Politehnica Iasi"]

1. e4 e5 2. Nf3 Nc6 3. Bb5 a6 4. Ba4 Nf6 5. O-O Be7 6. Re1 b5 7. Bb3 d6 8. c3
O-O 9. h3 Bb7 10. d4 Nd7 11. Nbd2 exd4 12. cxd4 Bf6 13. Nf1 Na5 14. Bc2 Re8 15.
N1h2 c5 16. Ng4 Be7 17. d5 Nf6 18. b3 Nxg4 19. hxg4 Bc8 20. g5 Bg4 21. Qd2 Bxf3
22. gxf3 c4 23. f4 Nb7 24. Bb2 Qd7 25. f5 Rac8 26. Qc3 f6 27. b4 Bd8 28. Qg3
fxg5 29. Bc3 Bf6 30. a4 Nd8 31. axb5 Bxc3 32. Qxc3 axb5 33. Qe3 Nf7 34. Ra7 Rc7
35. Rea1 Ne5 36. Qb6 Rec8 37. R1a6 Nd3 38. Rxc7 Rxc7 39. Ra8+ Kf7 40. Qb8 Kf6
41. Qf8+ Ke5 42. Rd8 Qf7 43. Qxd6+ Kd4 44. Qb6+ Kc3 45. Bxd3 cxd3 46. Ra8 Kb3
47. Qd4 Rc1+ 48. Kg2 Rd1 49. Rc8 Qf6 50. e5 1-0

[Event "NYCC Romania 2016 Open U18 Team"]
[Site "Iasi"]
[Date "2016.07.28"]
[Round "2.1"]
[White "Patrascu, Catalin  Lucian"]
[Black "Secheres, Adrian Simion"]
[Result "0-1"]
[WhiteElo "2319"]
[BlackElo "2293"]
[PlyCount "92"]
[EventDate "2016.07.27"]
[EventType "team"]
[EventRounds "6"]
[WhiteTeam "CSM Focsani 2007"]
[BlackTeam "CSS Timisoara"]

1. d4 Nf6 2. c4 c5 3. d5 e6 4. Nc3 exd5 5. cxd5 d6 6. e4 g6 7. Nf3 Bg7 8. Bg5
O-O 9. Nd2 Re8 10. Be2 Nbd7 11. O-O a6 12. a4 Rb8 13. Qc2 Qc7 14. a5 b5 15.
axb6 Rxb6 16. Nc4 Rb4 17. Bf4 Bf8 18. h3 Nb6 19. b3 Nxc4 20. Bxc4 Bg7 21. Rfe1
Rb6 22. Bh2 Nd7 23. f4 Qd8 24. Rad1 Qh4 25. Kh1 g5 26. e5 gxf4 27. e6 Ne5 28.
exf7+ Kxf7 29. Rf1 Kg8 30. Rxf4 Qh6 31. Re1 Bd7 32. Bf1 Reb8 33. Ne4 Rxb3 34.
Bxa6 Rb2 35. Qd1 Qg6 36. Bf1 Bb5 37. Ng3 Bxf1 38. Rfxf1 R8b3 39. Ne2 Nd3 40.
Rf3 Nxe1 41. Qxe1 Rxf3 42. gxf3 Qc2 43. Qh4 Qxe2 44. Qd8+ Kf7 45. Qd7+ Qe7 46.
Qf5+ Kg8 0-1

[Event "NYCC Romania 2016 Open U18 Team"]
[Site "Iasi"]
[Date "2016.07.29"]
[Round "3.1"]
[White "Salim, Riza"]
[Black "Patrascu, Catalin  Lucian"]
[Result "0-1"]
[WhiteElo "2146"]
[BlackElo "2319"]
[PlyCount "129"]
[EventDate "2016.07.27"]
[EventType "team"]
[EventRounds "6"]
[WhiteTeam "CS Palatul Copiilor Constanta"]
[BlackTeam "CSM Focsani 2007"]

1. e4 e5 2. Nf3 Nc6 3. Bb5 a6 4. Bxc6 dxc6 5. Qe2 Bd6 6. d3 Ne7 7. Be3 c5 8.
Nbd2 Nc6 9. c3 O-O 10. O-O Re8 11. h3 Bf8 12. Rad1 b6 13. Nc4 Qe7 14. Rc1 Bb7
15. Bg5 f6 16. Bh4 Qe6 17. b3 a5 18. a4 Rad8 19. Rcd1 Ne7 20. Bg3 Nc6 21. Nh2
Rd7 22. Ng4 Nd8 23. Nge3 Nf7 24. Rd2 g6 25. f4 exf4 26. Bxf4 Bg7 27. Bh2 Red8
28. Rfd1 Nh6 29. Qf2 f5 30. e5 Nf7 31. d4 cxd4 32. cxd4 Ng5 33. Qf4 Ne4 34. Rd3
Nc5 35. Rc3 Ne4 36. Rcd3 c5 37. Nd6 Nxd6 38. d5 Qxe5 39. Qxe5 Bxe5 40. Bxe5 Ba6
41. R3d2 Re8 42. Bf4 Re4 43. g3 Kf7 44. Nc2 Kf6 45. h4 Nf7 46. Kf2 h6 47. Re1
Rxe1 48. Kxe1 g5 49. hxg5+ hxg5 50. Be3 Ne5 51. Kd1 Nf3 52. Rf2 Rxd5+ 53. Kc1
Ne5 54. Rh2 Ng4 55. Rh8 Rd3 56. Bd2 Rxg3 57. Rb8 Rxb3 58. Rf8+ Ke6 59. Bxg5 Nf2
60. Re8+ Kd7 61. Re7+ Kd6 62. Rf7 Ne4 63. Bf4+ Ke6 64. Ra7 Bd3 65. Rb7 0-1

[Event "NYCC Romania 2016 Open U18 Team"]
[Site "Iasi"]
[Date "2016.07.30"]
[Round "4.1"]
[White "Scripcaru, George Daniel"]
[Black "Patrascu, Catalin  Lucian"]
[Result "1/2-1/2"]
[WhiteElo "2160"]
[BlackElo "2319"]
[PlyCount "84"]
[EventDate "2016.07.27"]
[EventType "team"]
[EventRounds "6"]
[WhiteTeam "Cs Politehnica Iasi"]
[BlackTeam "CSM Focsani 2007"]

1. d4 Nf6 2. c4 e6 3. Nc3 Bb4 4. e3 O-O 5. Nge2 d5 6. a3 Be7 7. cxd5 exd5 8.
Nf4 c6 9. Bd3 Re8 10. O-O a5 11. f3 Na6 12. Bd2 c5 13. Kh1 Nc7 14. Rc1 c4 15.
Bb1 b5 16. g4 b4 17. axb4 axb4 18. Nce2 Bd6 19. g5 Nd7 20. Rg1 Nf8 21. h4 Ra5
22. Qe1 Nce6 23. Nh5 Rb5 24. Qf2 Kh8 25. f4 Nc7 26. f5 Qd7 27. Rcf1 Ba6 28. Bc2
Rbb8 29. Qf3 c3 30. bxc3 bxc3 31. Bc1 Nb5 32. g6 Re4 33. Bxe4 dxe4 34. Qg2 fxg6
35. f6 gxf6 36. Nxf6 Qe7 37. Rf2 Nd7 38. Qg5 Nxf6 39. Qxf6+ Qxf6 40. Rxf6 Kg7
41. Rf2 Rf8 42. Rxf8 Kxf8 1/2-1/2

[Event "NYCC Romania 2016 Open U18 Team"]
[Site "Iasi"]
[Date "2016.07.31"]
[Round "5.1"]
[White "Secheres, Adrian Simion"]
[Black "Patrascu, Catalin  Lucian"]
[Result "1-0"]
[WhiteElo "2293"]
[BlackElo "2319"]
[PlyCount "97"]
[EventDate "2016.07.27"]
[EventType "team"]
[EventRounds "6"]
[WhiteTeam "CSS Timisoara"]
[BlackTeam "CSM Focsani 2007"]

1. d4 Nf6 2. Bf4 e6 3. e3 c5 4. c3 b6 5. Nf3 Bb7 6. Bd3 Be7 7. h3 O-O 8. Nbd2
cxd4 9. exd4 d6 10. Qe2 Nbd7 11. O-O a6 12. Rfe1 Re8 13. Rad1 b5 14. Bh2 Nb6
15. Ng5 h6 16. Nge4 Nxe4 17. Nxe4 Nd5 18. Bb1 Nf6 19. Nxf6+ Bxf6 20. Rd3 Qd7
21. Re3 Rac8 22. Bf4 b4 23. Qd3 bxc3 24. bxc3 Qc6 25. Qh7+ Kf8 26. Be4 d5 27.
Bb1 Ke7 28. Rf3 Rh8 29. Qd3 Qc4 30. Qd1 Bc6 31. Qc1 Bb5 32. Qa3+ Ke8 33. Qd6
Bd7 34. Qa3 Qa4 35. Qb2 Qb5 36. Qd2 Ke7 37. g4 Qc4 38. Bg3 Bg5 39. Qb2 Qb5 40.
Qa3+ Ke8 41. Bd3 Qc6 42. Bf1 Be7 43. Qc1 Qa4 44. Qf4 Rf8 45. Rb1 Bb5 46. Qe5
Bxf1 47. Rxf1 Rg8 48. Re1 Qa3 49. Rxf7 1-0

[Event "NYCC Romania 2016 Open U18 Team"]
[Site "Iasi"]
[Date "2016.08.01"]
[Round "6.1"]
[White "Patrascu, Catalin  Lucian"]
[Black "Salim, Riza"]
[Result "1/2-1/2"]
[WhiteElo "2319"]
[BlackElo "2146"]
[PlyCount "113"]
[EventDate "2016.07.27"]
[EventType "team"]
[EventRounds "6"]
[WhiteTeam "CSM Focsani 2007"]
[BlackTeam "CS Palatul Copiilor Constanta"]

1. e4 c5 2. Nf3 Nc6 3. d4 cxd4 4. Nxd4 g6 5. Nc3 Bg7 6. Be3 Nf6 7. Bc4 O-O 8.
Bb3 d6 9. f3 Bd7 10. Qd2 Nxd4 11. Bxd4 b5 12. a4 bxa4 13. Bxa4 Bxa4 14. Rxa4
Qb8 15. O-O Qb7 16. Rfa1 a6 17. Qd3 Nd7 18. Bxg7 Kxg7 19. Qd4+ Kg8 20. Nd5 Nc5
21. Rb4 Qa7 22. Rb6 Ne6 23. Qf2 Rfb8 24. Rxb8+ Qxb8 25. b4 Qb7 26. c3 Rc8 27.
Qh4 Re8 28. Ra4 Nd8 29. Qf2 Nc6 30. Ra1 Ra8 31. Qb6 Qxb6+ 32. Nxb6 Ra7 33. Nc4
Nb8 34. Ne3 Rb7 35. Kf2 Kf8 36. h4 e6 37. h5 Rc7 38. hxg6 hxg6 39. Ra3 Ke7 40.
Ke2 Rc6 41. Kd3 Nd7 42. Ra1 Ne5+ 43. Kd2 f5 44. Rh1 fxe4 45. Rh7+ Kf6 46. fxe4
Nc4+ 47. Nxc4 Rxc4 48. Kd3 d5 49. exd5 exd5 50. Ra7 Rc6 51. Kd4 Ke6 52. Ra8
Rc4+ 53. Kd3 Rc6 54. Rf8 Ke5 55. Re8+ Kf5 56. Rd8 Ke5 57. Re8+ 1/2-1/2

[Event "26th Seacoast Trophy 2016"]
[Site "Eforie Nord ROU"]
[Date "2016.06.29"]
[Round "3.4"]
[White "Patrascu, Catalin  Lucian"]
[Black "Soltanici, Ruslan"]
[Result "0-1"]
[WhiteElo "2295"]
[BlackElo "2394"]
[PlyCount "68"]
[EventDate "2016.06.27"]

1. d4 Nf6 2. c4 e6 3. Nc3 Bb4 4. Qc2 O-O 5. a3 Bxc3+ 6. Qxc3 b6 7. Bg5 Bb7 8.
Nf3 d6 9. Nd2 Nbd7 10. f3 h6 11. Bh4 c5 12. e3 Rc8 13. Be2 Re8 14. O-O d5 15.
b4 Ba6 16. Rac1 e5 17. dxe5 Nxe5 18. b5 d4 19. Qb3 Bb7 20. e4 Ng6 21. Be1 Nf4
22. Rf2 Nxe2+ 23. Rxe2 Nh5 24. Bf2 Nf4 25. Ree1 Qg5 26. Bg3 Nxg2 27. Kxg2 Qxd2+
28. Kg1 f5 29. Rcd1 Qg5 30. f4 Qg4 31. exf5 Qxf5 32. Qd3 Rxe1+ 33. Bxe1 Qg4+
34. Bg3 Re8 0-1

[Event "26th Seacoast Trophy 2016"]
[Site "Eforie Nord ROU"]
[Date "2016.07.04"]
[Round "8.8"]
[White "Amarita, Andrei"]
[Black "Patrascu, Catalin  Lucian"]
[Result "0-1"]
[WhiteElo "2049"]
[BlackElo "2295"]
[PlyCount "204"]
[EventDate "2016.06.27"]

1. d4 d6 2. Nf3 g6 3. c4 Bg7 4. Nc3 e5 5. e4 exd4 6. Nxd4 Nc6 7. Be3 Nge7 8.
Be2 O-O 9. O-O f5 10. exf5 Bxd4 11. Bxd4 Nxf5 12. Be3 Nxe3 13. fxe3 Rxf1+ 14.
Qxf1 Be6 15. Qf4 Qe7 16. Rf1 a6 17. h3 Rf8 18. Qxf8+ Qxf8 19. Rxf8+ Kxf8 20. b3
Ne5 21. Kf2 Ke7 22. Bf3 c6 23. Be4 b5 24. cxb5 axb5 25. b4 Bc4 26. a4 bxa4 27.
Nxa4 Bd3 28. Bf3 Bb5 29. Nb2 Ke6 30. Be4 Nd7 31. Bc2 Ne5 32. Be4 Nd7 33. Bc2
Nf6 34. Bb3+ Ke7 35. Kf3 Nd7 36. g3 Ne5+ 37. Kf4 Kf6 38. e4 g5+ 39. Ke3 Bf1 40.
h4 Bb5 41. Bd1 gxh4 42. gxh4 Ng6 43. h5 Ne5 44. Kf4 h6 45. Ke3 Kg5 46. Kd4 Kf4
47. Bc2 Be2 48. Bd1 Nf3+ 49. Kc3 Bxd1 50. Nxd1 Kxe4 51. Nf2+ Kf5 52. Kd3 Ne5+
53. Kd4 Nf3+ 54. Ke3 Ne5 55. Kd4 Ng4 56. Ne4 Ke6 57. Ng3 Nf6 58. Kc4 Ke5 59.
Ne2 Ne4 60. Nd4 d5+ 61. Kd3 Nf2+ 62. Ke3 Ng4+ 63. Kd3 Nf2+ 64. Ke3 Ng4+ 65. Kd3
Kd6 66. Nf5+ Kc7 67. Kd4 Kb6 68. Ne7 Kb5 69. Kc3 Nf6 70. Nf5 Ng4 71. Ne7 Nf6
72. Nf5 Nxh5 73. Nxh6 Ng3 74. Nf7 Ne4+ 75. Kb3 Nd2+ 76. Kc3 Nc4 77. Nd8 Ne5 78.
Ne6 Nf3 79. Nf4 Ng5 80. Nd3 Ne6 81. Ne5 Nc7 82. Nf3 Ne6 83. Ne5 Nc7 84. Nf3 Kb6
85. Kb3 Nb5 86. Ne5 Kc7 87. Ka4 Kd6 88. Nd3 d4 89. Kb3 Kd5 90. Nc5 Nd6 91. Nd3
Nb5 92. Nc5 Nd6 93. Nd3 Ke4 94. Kc2 Ke3 95. Ne5 Nb5 96. Nc4+ Ke2 97. Ne5 Nd6
98. Nd3 Nc4 99. Nc1+ Ke3 100. Nb3 d3+ 101. Kd1 d2 102. Kc2 Ke2 0-1

[Event "26th Seacoast Trophy 2016"]
[Site "Eforie Nord ROU"]
[Date "2016.07.05"]
[Round "9.7"]
[White "Patrascu, Catalin  Lucian"]
[Black "Schitco, Ivan"]
[Result "1/2-1/2"]
[WhiteElo "2295"]
[BlackElo "2138"]
[PlyCount "229"]
[EventDate "2016.06.27"]

1. c4 e5 2. Nc3 Bb4 3. Na4 Nf6 4. a3 Be7 5. d3 d5 6. cxd5 Nxd5 7. Nf3 Nc6 8. e3
a6 9. Be2 O-O 10. Qc2 f5 11. b4 f4 12. e4 Nb6 13. Nc5 Bxc5 14. bxc5 Nd7 15. Bb2
Qe7 16. Rc1 Nf6 17. O-O Kh8 18. d4 exd4 19. Nxd4 Nxd4 20. Bxd4 Qxe4 21. Qxe4
Nxe4 22. Rfe1 Nd2 23. Bd1 Bf5 24. Re7 Rfd8 25. Bxg7+ Kg8 26. f3 Re8 27. Rxe8+
Rxe8 28. Bc3 Nc4 29. Bb3 Be6 30. Bxc4 Bxc4 31. Ba5 Bb5 32. Bxc7 Re3 33. Ra1 Rc3
34. Bd6 Ba4 35. Bxf4 Rxc5 36. Re1 Rc3 37. Re7 Rxa3 38. Rxb7 Rd3 39. Kf2 Rd7 40.
Rb8+ Kf7 41. Ra8 Bb5 42. Be3 Rc7 43. g4 Re7 44. Bd4 Re8 45. Ra7+ Re7 46. Ra8
Re8 47. Ra7+ Re7 48. Rxe7+ Kxe7 49. Bc3 Kf7 50. Kg3 Kg6 51. f4 Be2 52. f5+ Kf7
53. Kf4 Bf1 54. Kg5 Be2 55. Kf4 Bf1 56. Ba5 Be2 57. Kg3 Bd3 58. Kh4 Be2 59. Kh5
Bf3 60. Bb4 Be2 61. Kg5 Bf3 62. Kf4 Be2 63. Kg3 Bd3 64. Kf3 Bc2 65. Bd2 Bd1+
66. Kg3 Be2 67. h4 Bd3 68. Kf4 Bc2 69. Kg5 Bd1 70. Kf4 Bc2 71. h5 Bd1 72. Kg3
Bc2 73. Kh4 Bd3 74. Kg5 Be2 75. Bc3 Bd1 76. Kf4 Be2 77. Kg3 Bd3 78. Kh4 Bc2 79.
Kg5 Bd1 80. Be1 Be2 81. Kh4 Bd3 82. Kh3 Bc2 83. Kg2 Bd1 84. Kg3 Bc2 85. Ba5 Bd3
86. Kf3 Bc2 87. Kf4 Bd1 88. Bb6 Be2 89. Kg5 Bd1 90. Kh4 Bc2 91. Kh3 Bd3 92. Kg3
Bc2 93. Kf3 Bd1+ 94. Kf4 Be2 95. Bd8 Bd1 96. Bc7 Be2 97. Ba5 Bd1 98. Bc3 Be2
99. h6 Bd3 100. g5 Kg8 101. Ke5 Kf7 102. Bb4 Bc4 103. Kf4 Bb3 104. Kg3 Kg8 105.
Kh4 Bc2 106. Kg4 Kf7 107. Kf4 Bb3 108. Bc3 Kg8 109. g6 Bc2 110. Kg5 Bd3 111.
Kf6 Bc2 112. Bb4 Bd3 113. Bf8 a5 114. Bg7 a4 115. Ke7 1/2-1/2

[Event "26th Seacoast Trophy 2016"]
[Site "Eforie Nord ROU"]
[Date "2016.07.06"]
[Round "10.8"]
[White "Bach, Adrian Kalman"]
[Black "Patrascu, Catalin  Lucian"]
[Result "0-1"]
[WhiteElo "2197"]
[BlackElo "2295"]
[PlyCount "49"]
[EventDate "2016.06.27"]

1. e4 c5 2. Nf3 e6 3. d4 cxd4 4. Nxd4 a6 5. Bd3 Nf6 6. O-O Qc7 7. Qe2 d6 8. f4
g6 9. f5 Bg7 10. fxe6 fxe6 11. c3 O-O 12. Bg5 Nc6 13. Nd2 Ne5 14. Bc2 Bd7 15.
Bb3 Rae8 16. N2f3 Qc5 17. Kh1 Kh8 18. Be3 Nxf3 19. gxf3 Qh5 20. Qd2 d5 21. Ne2
dxe4 22. Ng3 Qh3 23. fxe4 Nxe4 24. Rxf8+ Rxf8 25. Qg2 0-1

[Event "3rd Iasi Open 2016"]
[Site "Iasi ROU"]
[Date "2016.06.14"]
[Round "2.6"]
[White "Miron, Lucian Costin"]
[Black "Patrascu, Catalin  Lucian"]
[Result "1-0"]
[WhiteElo "2524"]
[BlackElo "2295"]
[PlyCount "75"]
[EventDate "2016.06.13"]

1. Nf3 Nf6 2. c4 e6 3. g3 a6 4. Bg2 b5 5. Na3 c5 6. cxb5 d5 7. O-O Be7 8. b3
O-O 9. Bb2 Qb6 10. bxa6 Bxa6 11. Nc2 Nc6 12. Ne5 Ra7 13. Nxc6 Qxc6 14. d3 Rfa8
15. Rc1 Bc8 16. a4 Qb6 17. Na1 Bd7 18. Ba3 Be8 19. Qd2 Nd7 20. d4 Bf8 21. e4
dxe4 22. Bxe4 Rb8 23. dxc5 Nxc5 24. Bxh7+ Kh8 25. Qg5 Nd7 26. Bxf8 Nxf8 27. Be4
Ra5 28. Qe7 Kg8 29. Qc7 Qxc7 30. Rxc7 e5 31. Rfc1 Bd7 32. R7c5 Rxc5 33. Rxc5 f6
34. a5 Ne6 35. Rc4 Rb5 36. b4 Ng5 37. a6 Nxe4 38. a7 1-0

[Event "3rd Iasi Open 2016"]
[Site "Iasi ROU"]
[Date "2016.06.16"]
[Round "5.8"]
[White "Patrascu, Catalin  Lucian"]
[Black "Sundararajan, Kidambi"]
[Result "1/2-1/2"]
[WhiteElo "2295"]
[BlackElo "2469"]
[PlyCount "53"]
[EventDate "2016.06.13"]

1. e4 c5 2. Ne2 Nc6 3. d4 cxd4 4. Nxd4 g6 5. Nc3 Bg7 6. Be3 Nf6 7. Bc4 O-O 8.
Bb3 e6 9. O-O d5 10. exd5 exd5 11. h3 Be6 12. Re1 Re8 13. Qd2 Qd7 14. Rad1 Rad8
15. Nxe6 fxe6 16. Bg5 Qf7 17. Re2 a6 18. Na4 Qf8 19. Rde1 h6 20. Bxf6 Qxf6 21.
Nc5 Nd4 22. Re5 Qh4 23. Rxe6 Nxe6 24. Nxe6 Rd6 25. Bxd5 Kh7 26. c4 Qxc4 27.
Bxc4 1/2-1/2

[Event "3rd Iasi Open 2016"]
[Site "Iasi ROU"]
[Date "2016.06.19"]
[Round "8.10"]
[White "Baratosi, Daniel"]
[Black "Patrascu, Catalin  Lucian"]
[Result "1/2-1/2"]
[WhiteElo "2381"]
[BlackElo "2295"]
[PlyCount "50"]
[EventDate "2016.06.13"]

1. e4 c5 2. Nf3 e6 3. d4 cxd4 4. Nxd4 a6 5. Nc3 Qc7 6. Be2 b5 7. O-O Bb7 8. Re1
Nc6 9. Nxc6 dxc6 10. e5 Rd8 11. Bd3 c5 12. Qg4 Ne7 13. Bg5 Rd4 14. Qg3 Nc6 15.
Rad1 Nb4 16. Be3 Rd7 17. a3 Nxd3 18. Rxd3 Rxd3 19. cxd3 f5 20. Ne2 Kf7 21. Rc1
Be7 22. d4 c4 23. Bg5 Rd8 24. f3 Bxg5 25. Qxg5 Qb6 1/2-1/2

[Event "3rd Iasi Open 2016"]
[Site "Iasi ROU"]
[Date "2016.06.20"]
[Round "9.7"]
[White "Patrascu, Catalin  Lucian"]
[Black "Maiorov, Nikita"]
[Result "0-1"]
[WhiteElo "2295"]
[BlackElo "2541"]
[PlyCount "86"]
[EventDate "2016.06.13"]

1. d4 Nf6 2. c4 g6 3. Nc3 Bg7 4. e4 d6 5. Nf3 O-O 6. Be2 Bg4 7. O-O Nfd7 8. Be3
Nc6 9. d5 Bxf3 10. Bxf3 Nb4 11. a3 Na6 12. Rc1 c6 13. b4 Nc7 14. Qb3 Na6 15.
Na4 c5 16. Be2 b6 17. g3 Nc7 18. Rfe1 e6 19. Nb2 a5 20. Nd3 Kh8 21. bxc5 bxc5
22. Rb1 Bd4 23. Bf4 e5 24. Bh6 Rg8 25. Bd2 f5 26. Bf3 Nf6 27. Bg2 Qd7 28. Kh1
fxe4 29. Bxe4 Nxe4 30. Rxe4 Qf5 31. Rh4 Qf3+ 32. Kg1 e4 33. Rf4 Qxd3 34. Qxd3
exd3 35. Rb7 Rg7 36. Kg2 Ne6 37. Rff7 Rxf7 38. Rxf7 Nf8 39. Kf3 Kg8 40. Rb7 Re8
41. Be3 Bxe3 42. fxe3 d2 43. Rb1 Nd7 0-1

[Event "Campionatul National de sah clasic-2016"]
[Site "Calimanesti-Caciulata"]
[Date "2016.04.18"]
[Round "1.4"]
[White "Badescu, Cristian"]
[Black "Patrascu, Catalin  Lucian"]
[Result "0-1"]
[WhiteElo "1954"]
[BlackElo "2249"]
[PlyCount "98"]
[EventDate "2016.04.18"]
[EventRounds "9"]

1. e4 c5 2. Nf3 e6 3. d4 cxd4 4. Nxd4 a6 5. c4 Nf6 6. Bd3 Qc7 7. O-O Nc6 8.
Nxc6 dxc6 9. Be3 e5 10. h3 Be6 11. Nc3 Rd8 12. Qe2 b5 13. a3 Rxd3 14. Qxd3 Bxc4
15. Qc2 Bxf1 16. Kxf1 Bd6 17. g4 O-O 18. Rc1 Rc8 19. b4 Nd7 20. Qd3 Bf8 21. Nd5
Qb7 22. Qc2 Bd6 23. f3 h6 24. h4 Nf8 25. h5 Ne6 26. Nb6 Rc7 27. Qc3 c5 28. bxc5
Nxc5 29. Qa5 Nb3 30. Rxc7 Nxa5 31. Rxb7 Nxb7 32. Bc1 Nc5 33. Ke2 Nb3 34. Bb2
Nd4+ 35. Bxd4 exd4 36. a4 Bc7 37. Nd5 bxa4 38. Kd3 a3 39. Nb4 Bb6 40. Kc2 a5
41. Nd3 a4 42. Kb1 Bd8 43. Nc5 Be7 44. Nxa4 Bb4 45. Nb6 d3 46. Nd5 d2 47. Ne3
g5 48. Nd1 Kf8 49. Kc2 Ke7 {(albul cedeaza)} 0-1

[Event "Campionatul National de sah clasic-2016"]
[Site "Calimanesti-Caciulata"]
[Date "2016.04.20"]
[Round "3.1"]
[White "Patrascu, Catalin  Lucian"]
[Black "Dolana, Andrei Theodor"]
[Result "1/2-1/2"]
[WhiteElo "2249"]
[BlackElo "2346"]
[PlyCount "79"]
[EventDate "2016.04.18"]
[EventRounds "9"]

1. e4 d6 2. d4 Nf6 3. Nc3 g6 4. Bg5 Bg7 5. Qd2 O-O 6. O-O-O c6 7. f3 b5 8. h4
h5 9. Nh3 Qa5 10. Kb1 e5 11. dxe5 dxe5 12. Bxf6 Bxf6 13. Nd5 Qd8 14. Nxf6+ Qxf6
15. Ng5 Qe7 16. g3 f6 17. Nh3 Be6 18. f4 Nd7 19. Qd6 Rfe8 20. Qxc6 Bg4 21. Bxb5
Nb6 22. Qc3 Rec8 23. Qb3+ Be6 24. Qa3 Qxa3 25. bxa3 Rab8 26. Kc1 Rc3 27. Rd3
Rc5 28. a4 a6 29. a5 Rxb5 30. axb6 R8xb6 31. Kd2 Bxa2 32. Rd8+ Kf7 33. fxe5
Rxe5 34. Rd7+ Ke8 35. Rd4 Rc5 36. Nf4 Rb2 37. Rc1 Bb3 38. Rb4 Rbxc2+ 39. Rxc2
Bxc2 40. Rb8+ 1/2-1/2

[Event "Campionatul National de sah clasic-2016"]
[Site "Calimanesti-Caciulata"]
[Date "2016.04.21"]
[Round "4.2"]
[White "Secheres, Adrian Simion"]
[Black "Patrascu, Catalin  Lucian"]
[Result "0-1"]
[WhiteElo "2303"]
[BlackElo "2249"]
[PlyCount "50"]
[EventDate "2016.04.18"]
[EventRounds "9"]

1. d4 Nf6 2. c4 g6 3. f3 d5 4. cxd5 Nxd5 5. e4 Nb6 6. Nc3 Bg7 7. Be3 O-O 8. Qd2
Nc6 9. O-O-O f5 10. e5 Nb4 11. Kb1 Be6 12. Rc1 Qd7 13. Nh3 Rfd8 14. Nf4 Bf7 15.
a3 Nc6 16. Nb5 Nxe5 17. Rxc7 Qe8 18. Qb4 Nc6 19. Qc5 e5 20. Nd6 Rxd6 21. Qxd6
exf4 22. Bd2 Rd8 23. Qc5 Bxd4 24. Qc2 Be5 25. Rxb7 Nd4 0-1

[Event "Campionatul National de sah clasic-2016"]
[Site "Calimanesti-Caciulata"]
[Date "2016.04.21"]
[Round "5.1"]
[White "Scripcaru, George Daniel"]
[Black "Patrascu, Catalin  Lucian"]
[Result "1/2-1/2"]
[WhiteElo "2140"]
[BlackElo "2249"]
[PlyCount "40"]
[EventDate "2016.04.18"]
[EventRounds "9"]

1. e4 c5 2. Nf3 e6 3. d4 cxd4 4. Nxd4 a6 5. Nc3 Qc7 6. Bd3 Nc6 7. Nxc6 dxc6 8.
O-O e5 9. f4 Nf6 10. Qe1 Bc5+ 11. Kh1 Ng4 12. f5 b5 13. Qg3 h5 14. Bd2 Bb7 15.
a4 b4 16. Nd1 a5 17. Ne3 Nf6 18. Nc4 O-O-O 19. Rae1 Ng4 20. Ne3 Nf6 1/2-1/2

[Event "Campionatul National de sah clasic-2016"]
[Site "Calimanesti-Caciulata"]
[Date "2016.04.22"]
[Round "6.1"]
[White "Patrascu, Catalin  Lucian"]
[Black "Acsinte, Matei-Ionut"]
[Result "1-0"]
[WhiteElo "2249"]
[BlackElo "2228"]
[PlyCount "77"]
[EventDate "2016.04.18"]
[EventRounds "9"]

1. e4 e5 2. Nf3 Nc6 3. Bb5 a6 4. Ba4 d6 5. c3 Bd7 6. O-O Nf6 7. Qe2 h6 8. d4
Qe7 9. d5 Nd8 10. Bxd7+ Nxd7 11. c4 g6 12. Nc3 Bg7 13. Ne1 f5 14. f3 Nf7 15.
Nd3 f4 16. b4 Bf6 17. c5 Bh4 18. c6 bxc6 19. dxc6 Nf6 20. Nd5 Nxd5 21. exd5 O-O
22. Nf2 Bxf2+ 23. Qxf2 Ng5 24. Bb2 Nh7 25. Qe2 Kg7 26. a4 Rf5 27. b5 Qh4 28.
Qf2 Qxf2+ 29. Rxf2 axb5 30. axb5 Rff8 31. Rxa8 Rxa8 32. Bxe5+ Nf6 33. Bxf4 Nxd5
34. Bg3 Ra1+ 35. Rf1 Rxf1+ 36. Kxf1 Kf7 37. Ke1 Nc3 38. b6 cxb6 39. c7 1-0

[Event "Campionatul National de sah clasic-2016"]
[Site "Calimanesti-Caciulata"]
[Date "2016.04.23"]
[Round "7.1"]
[White "Geiger, Alex-Emanuel"]
[Black "Patrascu, Catalin  Lucian"]
[Result "1/2-1/2"]
[WhiteElo "2146"]
[BlackElo "2249"]
[PlyCount "34"]
[EventDate "2016.04.18"]
[EventRounds "9"]

1. e4 c5 2. Nc3 Nc6 3. Bb5 Nd4 4. Bc4 g6 5. Nf3 Bg7 6. Nxd4 cxd4 7. Qf3 Nh6 8.
Ne2 O-O 9. c3 dxc3 10. dxc3 d6 11. h3 Kh8 12. O-O Ng8 13. Bb3 Nf6 14. Rd1 Nd7
15. Nd4 Ne5 16. Qg3 Qc7 17. Qh4 Bf6 1/2-1/2

[Event "Campionatul National de sah clasic-2016"]
[Site "Calimanesti-Caciulata"]
[Date "2016.04.24"]
[Round "8.1"]
[White "Patrascu, Catalin  Lucian"]
[Black "Toma, Radu Cristian"]
[Result "0-1"]
[WhiteElo "2249"]
[BlackElo "2351"]
[PlyCount "90"]
[EventDate "2016.04.18"]
[EventRounds "9"]

1. e4 c5 2. Nf3 e6 3. d4 cxd4 4. Nxd4 a6 5. Bd3 Qc7 6. O-O Nf6 7. Qe2 d6 8. c4
Be7 9. Nc3 O-O 10. Bd2 Nbd7 11. f4 b6 12. Rae1 Bb7 13. Kh1 Rad8 14. Nf3 g6 15.
Bb1 Rfe8 16. b3 Bf8 17. Qf2 Qb8 18. f5 exf5 19. exf5 b5 20. Ng5 Rxe1 21. Rxe1
bxc4 22. bxc4 Re8 23. Rf1 Bg7 24. Bc2 Qc7 25. fxg6 fxg6 26. Ba4 Bc6 27. Nd5
Bxd5 28. cxd5 Re5 29. Bc6 Nb8 30. Nf3 Nxc6 31. dxc6 Ne4 32. Qh4 Nxd2 33. Nxd2
Qxc6 34. Nf3 Re4 35. Qd8+ Re8 36. Qh4 Qc5 37. Re1 Qc6 38. Rf1 Qb5 39. Rd1 d5
40. h3 Qc4 41. Qg5 d4 42. Nh4 Qa4 43. Kh2 Be5+ 44. g3 Qxa2+ 45. Rd2 Qd5 0-1

[Event "Campionatul National de sah clasic-2016"]
[Site "Calimanesti-Caciulata"]
[Date "2016.04.25"]
[Round "9.2"]
[White "Tiron, Calin-Andrei"]
[Black "Patrascu, Catalin  Lucian"]
[Result "0-1"]
[WhiteElo "1999"]
[BlackElo "2249"]
[PlyCount "86"]
[EventDate "2016.04.18"]
[EventRounds "9"]

1. d4 Nf6 2. Bg5 Ne4 3. Bf4 c5 4. f3 Qa5+ 5. c3 Nf6 6. Nd2 cxd4 7. Nb3 Qb6 8.
Qxd4 Nc6 9. Qxb6 axb6 10. e4 d5 11. Bd3 e5 12. Bg5 dxe4 13. fxe4 Be6 14. Nc1
Nd7 15. Nf3 Nc5 16. Be2 f6 17. Bd1 Be7 18. b4 Na4 19. Bb3 Nd8 20. O-O b5 21.
Ne2 Bc4 22. Rfe1 Nf7 23. Ng3 Nd6 24. Nf5 Nxf5 25. exf5 Kf7 26. Bxc4+ bxc4 27.
Re4 b5 28. Kf2 Rhd8 29. Re3 Rd7 30. Bh4 Bd8 31. Kf1 Bb6 32. Rxe5 fxe5 33. Nxe5+
Ke8 34. Nxd7 Kxd7 35. Rd1+ Kc6 36. Bg3 Rd8 37. Re1 Nxc3 38. Re6+ Kb7 39. Re7+
Ka6 40. Rxg7 Rf8 41. Rxh7 Rxf5+ 42. Ke1 Nxa2 43. Bd6 c3 0-1